000 00507nam a2200181Ia 4500
005 20250508163410.0
008 008 250505s9999 xx 000 0 eng d
037 _aTextual
040 _aFEDL
_beng
_cFEDL
041 _aeng
_2eng
084 _a320.54, KAU
_qFEDL
100 _aKaushik Karuna
245 0 _aRussian revolution Indian nationalism
260 _aDelhi, India
_bChanakya publications
_c1984
300 _axiv,275p.
942 _cTEXL
_h320.54, KAU
999 _c1382840
_d1382840